Report of the Conference on South East Asian Tree Improvement and Seed Procurement Cooperative Programme (Chiengmai, Thailand, 12-18 February 1979)

Bibliographic Details
Main Author: MOHD. Nor bin Yaacob
Other Authors: Ng
Format: Book
Published: Kuala Lumpur : Forestry Department Headquarters , 1979
Subjects:

MARC

LEADER 00000cam a2200000 7i4500
001 0000001655
005 20010911.0
090 0 0 |a JPSM634.956   |b MOH 1979 
100 0 0 |a MOHD. Nor bin Yaacob 
245 1 0 |a Report of the Conference on South East Asian Tree Improvement and Seed Procurement Cooperative Programme (Chiengmai, Thailand, 12-18 February 1979)   |c by Mohd. Nor bin Yaacob and Francis S P. Ng 
260 0 0 |a Kuala Lumpur :   |b Forestry Department Headquarters ,   |c 1979 
300 |a ii,214 p. ;   |c 28 cm. 
650 0 0 |a Forests and forestry   |x Congresses 
650 0 0 |a Tree breeding   |x Congresses 
700 0 1 |a Ng   |h Francis S. P. 
998 |a JPSM 
999 |a 0000002921   |b Monograph   |c Open Shelf   |e Default branch